Sports car

Bibliographic Details
Corporate Author: Sports Car Club of America
Format: Electronic Journal
Language:English
Published: [Santa Ana, Calif.] : [P. Oxman Pub.]
Subjects:
Online Access:Full text available from Research Library: 09/01/2009 to 09/30/2012

MARC

LEADER 00000nas a2200000 a 4500
001 ssj0000527066
003 WaSeSS
005 20200512172242.0
006 m d
007 cr n
008 750520c19uu9999caumr p s 0 a0eng d
010 |a sn 78004188  
016 7 |a 014701177  |2 Uk 
022 |a 0300-6387  |l 0300-6387  |y 0300-6387 
032 |a 540410  |b USPS 
035 |a (WaSeSS)ssj0000527066 
040 |a NSD  |b eng  |c NSD  |d DLC  |d OCLCQ  |d UKMGB  |d OCLCQ  |d OCLCF  |d OCLCO  |d CUS  |d OCLCQ  |d WaSeSS 
042 |a nsdp 
050 4 |a TL1  |b .S783 
210 0 |a Sports car 
222 0 |a Sports car 
245 0 0 |a Sports car  |h [electronic resource]. 
260 |a [Santa Ana, Calif.] :  |b [P. Oxman Pub.] 
500 |a "Official publication of the Sports Car Club of America." 
506 |a License restrictions may limit access. 
550 |a "Published for Sports Car Club of America." 
588 |a Description based on: Apr. 1994; title from cover. 
650 0 |a Sports cars  |v Periodicals. 
650 7 |a Sports cars.  |2 fast  |0 (OCoLC)fst01130584 
655 0 |a Electronic journals. 
710 2 |a Sports Car Club of America. 
856 4 0 |z Full text available from Research Library: 09/01/2009 to 09/30/2012  |u https://search.proquest.com/publication/105492